000 00679nam a2200205Ia 4500
003 GCL
008 140319s9999 xx 000 0 ara d
040 _aGCL /
_cGCL
082 0 4 _aط
_b813.06
_bس ج
100 1 _aالسيد القماحى
245 1 0 _aسر حريق المصنع الى مغامرة على الارض من 1 - 10 /
_cالسيد القماحى
700 1 _aمحمد شحاتة (رسوم)
260 _a[S.N] :
_bدار الكتاب المصرى ،
_c1991
300 _aمتعدد
490 _aجحا رائد الفضاء
_v0
650 0 4 _aالاطفال
650 0 4 _aقصص الاطفال
650 0 4 _aالقصص الفكاهية
942 _2ddc
_cBK
999 _c56255
_d56255